Normal view
MARC view
- Sihal, Qasim
Entry Personal Name
001 - CONTROL NUMBER
- control field: 16035
003 - CONTROL NUMBER IDENTIFIER
- control field: NUST
005 - DATE AND TIME OF LATEST TRANSACTION
- control field: 20190630085200.0
008 - FIXED-LENGTH DATA ELEMENTS
- fixed length control field: 190630|| aca||aabn | a|a d
040 ## - CATALOGING SOURCE
- Original cataloging agency: NUST
- Transcribing agency: NUST
100 ## - HEADING--PERSONAL NAME
- Personal name: Sihal, Qasim
670 ## - SOURCE DATA FOUND
- Source citation: Work cat.: (NUST): Sihal, Qasim, Dhee Dharti Dee :, 2009.
